005_ Personnalités nées un 5 janvier par images - Statistiques

Statistiques générales
  • Ce quiz a été pris 55 fois
  • Le résultat moyen est 3 sur 9
Statistiques - réponses
Par images Hint Réponse % Correct
Acteur Bradley Cooper
80%
Dessinateur et Réalisateur Hayao Miyazaki
70%
Chanteur Marilyn Manson
69%
Syndicaliste Sophie Binet
28%
Roi Juan Carlos Ier
22%
Actrice Diane Keaton
13%
Dirigeant Politique Konrad Adenauer
13%
Judoka Luka Mkheidze
13%
Dirigeant Politique Frank-Walter Steinmeier
2%
Aucun quiz correspondant
Distribution des résultats
% des personnes avec chaque résultat
Percentile par nombre de réponses
Votre historique - résultats
Vous n’avez pas pris ce quiz